| 000 | 01861nam a2200337 a 4500 | ||
|---|---|---|---|
| 001 | 000019298 | ||
| 005 | 20250621074006.0 | ||
| 008 | 100601s2009 dr 001 0 spa d | ||
| 020 | _a9789945457087 | ||
| 040 |
_aDO-SdBNP _bspa _cBNPHU |
||
| 082 |
_a336.3435 _bH565d, 2009 |
||
| 100 | 1 |
_aHerrera, César A., _d1910-1988 _98333 |
|
| 245 | 1 | 0 |
_aDe Hartmont a Trujillo : _bestudio para la historia de la deuda pública / _cCésar A. Herrera ; presentación Daniel Toribio ; prólogo Bernardo Vega. |
| 260 |
_aSanto Domingo : _bBanreservas: _bSociedad Dominicana de Bibliófilos, _c2009. |
||
| 300 |
_a410 p. ; _c23 cm. |
||
| 490 | 1 |
_aBibliófilos-Banreservas _v6 |
|
| 500 | _aIncluye índice onomástico. | ||
| 500 | _aIncluye referencias bibliográficas y notas al pie de las páginas. | ||
| 500 | _aIncluye datos biográficos del autor en las solapas | ||
| 504 | _aBibliografía : p. 25-26 | ||
| 505 | 0 | _aPresentación -- Exordio -- Prólogo -- Bibliografía -- De la independencia a los "Seis años" -- El forcejeo incesante -- Ulises Heureaux o el descalabro -- El apogeo del desastre -- Se remachan las cadenas -- En las garras de Rossevelt -- Gobierno del general Ramón Cáceres -- De lleno en el caos -- Intervención militar norteamericana -- La tercera república -- Era de Trujillo -- La solemne reivindicación -- Empréstito Erlanger & Co. | |
| 590 | _aInventariado, 2018/LP | ||
| 650 | 4 |
_aDeuda externa _xHistoria _zRepública Dominicana _98334 |
|
| 651 | 4 |
_aRepública Dominicana _xCondiciones Económicas _9281 |
|
| 651 | 0 |
_aRepública Dominicana _xPolítica y gobierno _945 |
|
| 650 | 4 |
_aRepública dominicana _xHistoria _y1865-1916 _938205 |
|
| 700 | 1 |
_aToribio, Daniel, _epreset _9588 |
|
| 700 | 1 |
_aVega, Bernardo, _d1938 - _epról. _93222 |
|
| 830 | 1 |
_aBibliófilos-Banreservas ; _v6 _97742 |
|
| 910 | _aValidado. Control de calidad MMOLINA | ||
| 999 |
_c18816 _d18816 |
||